[Event "Sydney op-A"]
[Site "Parramatta"]
[Date "2013.04.04"]
[Round "4"]
[White "Dibley, Shane"]
[Black "Myers, Stephen P"]
[Result "0-1"]
[WhiteElo "1671"]
[BlackElo "1777"]
[PlyCount "72"]
[EventDate "2013.04.03"]
[EventType "swiss"]
[EventRounds "9"]
[EventCountry "AUS"]
[SourceTitle "EXT 2023"]
[Source "ChessBase"]
[SourceDate "2022.10.05"]
[SourceVersion "1"]
[SourceVersionDate "2022.10.05"]
[SourceQuality "1"]

1. d4 d5 2. Bf4 Bf5 3. e3 e6 4. Nf3 Nd7 5. Bd3 Bxd3 6. cxd3 Ngf6 7. h3 Bd6 8. Bxd6 cxd6 9. Nc3 Qb6 10. Qd2 Rc8 11. e4 dxe4 12. dxe4 e5 13. 0-0 0-0 14. Rfe1 Rfe8 15. Rad1 Nf8 16. a3 Qb3 17. Re3 Qe6 18. Ng5 Qe7 19. dxe5 dxe5 20. Rd3 N8d7 21. Nb5 Nc5 22. Nd6 Nxd3 23. Nxc8 Rxc8 24. Qxd3 h6 25. Nf3 Kf8 26. Nh4 g6 27. Qe3 Kg7 28. Qg3 Kh7 29. Qe3 Rc2 30. b4 Rc4 31. Nf3 b6 32. Nd2 Rd4 33. f3 Qd7 34. Kf2 Rd3 35. Qe2 Qd4+ 36. Ke1 Re3 0-1

[Event "Australian op"]
[Site "Cammeray"]
[Date "2013.01.06"]
[Round "5"]
[White "Wilson, Peter John"]
[Black "Dibley, Shane"]
[Result "0-1"]
[WhiteElo "1555"]
[BlackElo "1700"]
[PlyCount "109"]
[EventDate "2013.01.02"]
[EventType "swiss"]
[EventRounds "11"]
[EventCountry "AUS"]
[SourceTitle "CBM 152 Extra"]
[Source "ChessBase"]
[SourceDate "2013.02.25"]
[SourceVersion "1"]
[SourceVersionDate "2013.02.25"]
[SourceQuality "1"]

1. e4 e6 2. Nf3 c5 3. Bc4 a6 4. d4 cxd4 5. c3 dxc3 6. Nxc3 Nc6 7. Bf4 Bb4 8. Rc1 Nf6 9. e5 Ne4 10. 0-0 Nxc3 11. bxc3 Be7 12. Qd3 Na5 13. Bb3 Nxb3 14. axb3 b5 15. Rfd1 Bb7 16. Nd2 Rc8 17. Qg3 g6 18. Bh6 f5 19. exf6 Bxf6 20. c4 b4 21. Nf3 a5 22. Ne5 Bc6 23. Rd4 d5 24. Nxc6 Rxc6 25. Rg4 Rg8 26. h4 Qe7 27. Bf4 Qd7 28. Rd1 d4 29. h5 Kf7 30. Be5 Bxe5 31. Qxe5 Qd6 32. Rf4+ Ke8 33. Qf6 Rf8 34. Qxf8+ Qxf8 35. Rxf8+ Kxf8 36. Rxd4 g5 37. Rd8+ Kg7 38. Ra8 Rc5 39. Ra6 Re5 40. Kf1 g4 41. g3 Kh6 42. f3 gxf3 43. Kf2 Kxh5 44. Kxf3 Kg5 45. g4 Kf6 46. Kf4 h5 47. Ra8 Rc5 48. gxh5 Rxh5 49. Rc8 Rh3 50. c5 Rxb3 51. c6 Rc3 52. Ra8 Rxc6 53. Rxa5 Rb6 54. Ke3 b3 55. Kd2 0-1

[Event "AUS-ch Major"]
[Site "Cammeray"]
[Date "2011.01.11"]
[Round "9"]
[White "Dibley, Shane"]
[Black "Chibnall, Alana"]
[Result "1-0"]
[WhiteElo "1571"]
[BlackElo "1807"]
[PlyCount "47"]
[EventDate "2011.01.02"]
[EventType "swiss"]
[EventRounds "11"]
[EventCountry "AUS"]
[SourceTitle "CBM 140 Extra"]
[Source "ChessBase"]
[SourceDate "2011.03.01"]
[SourceVersion "1"]
[SourceVersionDate "2011.03.01"]
[SourceQuality "1"]

1. e4 e5 2. f4 exf4 3. Nf3 g5 4. h4 g4 5. Ne5 h5 6. Bc4 Nh6 7. d4 d6 8. Nd3 Be7 9. Bxf4 Nc6 10. c3 Na5 11. g3 Nxc4 12. Qa4+ Bd7 13. Qxc4 c6 14. 0-0 f5 15. Bxh6 Rxh6 16. exf5 d5 17. Qb3 Qc8 18. c4 dxc4 19. Qxc4 Bxf5 20. Qg8+ Bf8 21. Nc3 Qd7 22. Rae1+ Re6 23. Rxe6+ Qxe6 24. Re1 1-0

[Event "AUS-ch Major"]
[Site "Cammeray"]
[Date "2011.01.06"]
[Round "5"]
[White "Dibley, Shane"]
[Black "Fry, Peter"]
[Result "1/2-1/2"]
[WhiteElo "1571"]
[BlackElo "1870"]
[PlyCount "50"]
[EventDate "2011.01.02"]
[EventType "swiss"]
[EventRounds "11"]
[EventCountry "AUS"]
[SourceTitle "CBM 140 Extra"]
[Source "ChessBase"]
[SourceDate "2011.03.01"]
[SourceVersion "1"]
[SourceVersionDate "2011.03.01"]
[SourceQuality "1"]

1. e4 c6 2. Nc3 d5 3. Nf3 e6 4. d4 Nf6 5. e5 Nfd7 6. a3 b6 7. Bd3 Ba6 8. 0-0 Bxd3 9. Qxd3 Be7 10. Ne2 b5 11. Nd2 Nb6 12. f4 g6 13. g4 Rg8 14. Kh1 Na6 15. f5 exf5 16. gxf5 Nc7 17. Qh3 Rh8 18. fxg6 fxg6 19. Nf4 Qd7 20. e6 Qd6 21. Nxg6 0-0-0 22. Nxe7+ Qxe7 23. Rf7 Qe8 24. Nf3 Nxe6 25. Ng5 Rd7 1/2-1/2

[Event "LSS WC-2012-T-00002"]
[Site "LSS email"]
[Date "2010.12.19"]
[Round "?"]
[White "Blanco Gramajo, Cesar Augusto"]
[Black "Dibley, Shane"]
[Result "1-0"]
[WhiteElo "2428"]
[BlackElo "2269"]
[PlyCount "79"]
[EventDate "2010.12.18"]
[EventType "tourn (corr)"]
[EventRounds "10"]
[EventCountry "GER"]
[SourceTitle "Telechess CBM 161"]
[Source "ChessBase"]
[SourceDate "2014.07.16"]
[SourceVersion "1"]
[SourceVersionDate "2014.07.16"]
[SourceQuality "1"]

1. d4 Nf6 2. c4 e6 3. Nf3 c5 4. d5 exd5 5. cxd5 d6 6. Nc3 g6 7. Bf4 a6 8. a4 Bg7 9. h3 0-0 10. e3 Re8 11. Nd2 Nbd7 12. Be2 Ne5 13. Bh2 b6 14. 0-0 Bb7 15. f4 Ned7 16. e4 Qc7 17. Bc4 Kh8 18. Qc2 Ng8 19. Rae1 Nh6 20. Nf3 f5 21. e5 dxe5 22. fxe5 Nxe5 23. Nxe5 Rxe5 24. Kh1 Qd6 25. Re3 Nf7 26. Bxe5 Nxe5 27. Qe2 Kg8 28. b3 Rf8 29. Bxa6 Bxa6 30. Qxa6 f4 31. Re4 f3 32. gxf3 g5 33. Qe2 Ng6 34. Nb5 Qd7 35. Qg2 Qxd5 36. Nc7 Qd3 37. Ne6 Rf5 38. b4 c4 39. Ree1 c3 40. Qa2 1-0

[Event "LSS WC-2012-T-00002"]
[Site "LSS email"]
[Date "2010.12.19"]
[Round "?"]
[White "Dibley, Shane"]
[Black "De Oliveira, Marcio Barbosa"]
[Result "0-1"]
[WhiteElo "2269"]
[BlackElo "2246"]
[PlyCount "110"]
[EventDate "2010.12.18"]
[EventType "tourn (corr)"]
[EventRounds "10"]
[EventCountry "GER"]
[SourceTitle "Telechess CBM 161"]
[Source "ChessBase"]
[SourceDate "2014.07.16"]
[SourceVersion "1"]
[SourceVersionDate "2014.07.16"]
[SourceQuality "1"]

1. d4 Nf6 2. c4 e6 3. Nc3 Bb4 4. Qc2 0-0 5. a3 Bxc3+ 6. Qxc3 b6 7. Bg5 Bb7 8. f3 h6 9. Bh4 d5 10. e3 Re8 11. Bd3 Nbd7 12. Ne2 c5 13. cxd5 cxd4 14. Nxd4 Nxd5 15. Bxd8 Nxc3 16. bxc3 Rexd8 17. 0-0-0 Ne5 18. Be2 Bd5 19. e4 Bc4 20. Bxc4 Nxc4 21. Nc6 Rxd1+ 22. Rxd1 Nxa3 23. Rd4 Nb5 24. Rd3 a5 25. Kb2 Kf8 26. c4 Na7 27. Ne5 Ke8 28. Rd6 Nc8 29. Rc6 Ke7 30. c5 bxc5 31. Rxc5 a4 32. Ka3 Nd6 33. Nd3 Kd7 34. Ne5+ Ke8 35. Nc6 g5 36. Ne5 Kf8 37. Nc6 Kg8 38. Ne7+ Kg7 39. Nc6 Nb7 40. Rc2 Kf6 41. e5+ Kg7 42. Rc3 h5 43. h3 h4 44. Nb4 Ra5 45. Rc7 Nc5 46. Nc6 Ra8 47. Nb4 Na6 48. Rc4 Nxb4 49. Rxb4 Ra5 50. f4 Kg6 51. fxg5 Rxe5 52. Rxh4 Rxg5 53. g4 Ra5 54. Rh8 f5 55. Rh5 Ra7 0-1

[Event "CP-2006-F-00001"]
[Site "LSS email"]
[Date "2010.06.28"]
[Round "?"]
[White "Dibley, Shane"]
[Black "Daus, Peter"]
[Result "1/2-1/2"]
[WhiteElo "2296"]
[BlackElo "2413"]
[PlyCount "53"]
[EventDate "2010.07.01"]
[EventType "tourn (corr)"]
[EventRounds "6"]
[EventCountry "GER"]
[SourceTitle "Telechess CBM 151"]
[Source "ChessBase"]
[SourceDate "2012.11.13"]
[SourceVersion "1"]
[SourceVersionDate "2012.11.13"]
[SourceQuality "1"]

1. d4 d5 2. c4 e6 3. Nc3 Nf6 4. cxd5 exd5 5. Bg5 c6 6. e3 Be7 7. Qc2 Nbd7 8. Bd3 Nh5 9. Bxe7 Qxe7 10. 0-0-0 Nb6 11. h3 g6 12. g4 Ng7 13. Nf3 Be6 14. Kb1 0-0-0 15. Na4 Kb8 16. Rc1 Ne8 17. Ka1 Nd6 18. Nc5 Nd7 19. g5 Rhf8 20. Nxd7+ Rxd7 21. Ne5 Rc7 22. h4 Bf5 23. Bxf5 Nxf5 24. Qa4 f6 25. gxf6 Qxf6 26. Qb3 Ka8 27. h5 1/2-1/2

[Event "CP-2006-F-00001"]
[Site "LSS email"]
[Date "2010.06.28"]
[Round "?"]
[White "Dibley, Shane"]
[Black "Kosulin, Vladyslav"]
[Result "0-1"]
[WhiteElo "2296"]
[BlackElo "2425"]
[PlyCount "94"]
[EventDate "2010.07.01"]
[EventType "tourn (corr)"]
[EventRounds "6"]
[EventCountry "GER"]
[SourceTitle "Telechess CBM 151"]
[Source "ChessBase"]
[SourceDate "2012.11.13"]
[SourceVersion "1"]
[SourceVersionDate "2012.11.13"]
[SourceQuality "1"]

1. d4 d5 2. c4 e6 3. Nc3 Nf6 4. cxd5 exd5 5. Bg5 Be7 6. e3 c6 7. Qc2 0-0 8. Bd3 h6 9. Bh4 Re8 10. Nge2 Nbd7 11. 0-0 b5 12. Nb1 Bb7 13. Nd2 a5 14. Bf5 b4 15. Nf3 Qc7 16. Bg3 Qd8 17. Ne5 c5 18. Rac1 c4 19. Nxf7 Kxf7 20. Be6+ Kxe6 21. Nf4+ Kf7 22. Qg6+ Kg8 23. Ne6 Bf8 24. Nxd8 Rexd8 25. Rfe1 a4 26. f3 a3 27. b3 c3 28. Bc7 Re8 29. Bf4 Kh8 30. g4 Ra6 31. g5 hxg5 32. Bxg5 Rae6 33. Qf5 Kg8 34. Rc2 Kf7 35. Rf2 g6 36. Qf4 Bc6 37. Qh4 Bg7 38. Qf4 Kg8 39. Rc1 Nh5 40. Qc7 Bf8 41. Kh1 Rb8 42. Rg2 Bb5 43. h4 Bd6 44. Qa5 Kf7 45. Rcg1 Ndf6 46. Rc1 Re7 47. Rcg1 Reb7 0-1

[Event "AUS-ch Minor"]
[Site "Cammeray"]
[Date "2010.01.10"]
[Round "8"]
[White "Guo, Jamie Lee"]
[Black "Dibley, Shane"]
[Result "0-1"]
[WhiteElo "943"]
[BlackElo "1422"]
[PlyCount "80"]
[EventDate "2010.01.02"]
[EventType "swiss"]
[EventRounds "11"]
[EventCountry "AUS"]
[SourceTitle "EXT 2011"]
[Source "ChessBase"]
[SourceDate "2010.11.26"]
[SourceVersion "1"]
[SourceVersionDate "2010.11.26"]
[SourceQuality "1"]

1. e4 d6 2. d4 Nf6 3. Nc3 c6 4. Bd3 Bg4 5. Nf3 Qb6 6. Be2 Nbd7 7. Qd3 Bh5 8. e5 dxe5 9. Nxe5 Bxe2 10. Nxe2 Nxe5 11. dxe5 Ng4 12. Qf5 h5 13. h3 g6 14. Qf3 Nxe5 15. Qc3 f6 16. Qg3 h4 17. Qc3 e6 18. Be3 Qb5 19. Nd4 Qd5 20. f3 Qc4 21. Qxc4 Nxc4 22. Bc1 0-0-0 23. c3 Bd6 24. b3 Nb6 25. Be3 Nd5 26. Bf2 Nxc3 27. Kd2 Bb4 28. a3 Nb5+ 29. axb4 Nxd4 30. Bxd4 Rxd4+ 31. Kc3 Rhd8 32. Rxa7 Rd3+ 33. Kc2 Rd2+ 34. Kb1 Rxg2 35. Ra8+ Kc7 36. Rxd8 Kxd8 37. Rd1+ Ke7 38. Rd4 g5 39. f4 g4 40. hxg4 h3 0-1

[Event "AUS-ch Minor"]
[Site "Cammeray"]
[Date "2010.01.06"]
[Round "4"]
[White "Dibley, Shane"]
[Black "Parker, Trent"]
[Result "1-0"]
[WhiteElo "1422"]
[BlackElo "1537"]
[PlyCount "61"]
[EventDate "2010.01.02"]
[EventType "swiss"]
[EventRounds "11"]
[EventCountry "AUS"]
[SourceTitle "EXT 2011"]
[Source "ChessBase"]
[SourceDate "2010.11.26"]
[SourceVersion "1"]
[SourceVersionDate "2010.11.26"]
[SourceQuality "1"]

1. e4 e6 2. d4 d5 3. Nc3 Nf6 4. e5 Nfd7 5. f4 c5 6. Nf3 Nc6 7. Be3 cxd4 8. Nxd4 Bc5 9. Qd2 0-0 10. 0-0-0 a6 11. Be2 Nxd4 12. Bxd4 b5 13. Bf3 Qa5 14. Kb1 b4 15. Ne2 Rb8 16. Nc1 Qb6 17. Nb3 a5 18. Nxc5 Nxc5 19. Qf2 b3 20. axb3 Qb7 21. Bxc5 Rd8 22. g4 Bd7 23. f5 a4 24. b4 Rdc8 25. f6 Qb5 26. Be2 Qb7 27. Bd3 h6 28. fxg7 Kxg7 29. Qf6+ Kg8 30. Qxh6 Rxc5 31. Bh7+ 1-0